Animaux de l'Amazonie #1 - Statistiques

Statistiques générales
  • Ce quiz a été pris 116 fois
  • Le résultat moyen est 3 sur 21
Statistiques - réponses
Par images Réponse % Correct
Jaguar
90%
Piranha à ventre rouge
41%
Capybara
36%
Tamanoir
25%
Anguille électrique
16%
Ara rouge
16%
Ibis rouge
16%
Loutre géante
14%
Harpie féroce
12%
Iguane vert
11%
Toucan toco
11%
Anaconda vert
10%
Caïman a lunettes
10%
Singe-araignée commun
7%
Fourmis balle de fusil
5%
Morpho bleu
5%
Tapir du Brésil
4%
Mygale Goliath
3%
Pécarie a collier
3%
Phyloméduse tigrine
2%
Dauphin rose de l'Amazone
1%
Aucun quiz correspondant
Distribution des résultats
% des personnes avec chaque résultat
Percentile par nombre de réponses
Votre historique - résultats
Vous n’avez pas pris ce quiz